Score 0/12 Timer 04:00
0 Plays Today
% Correct
Hollywood Walk of Fame
98.3%
Paparazzi
98%
Party
97.6%
Gotham City
97.6%
Social Media
97.4%
Dance
97.2%
Villain
96.9%
Kryptonite
93.5%
Nightclub
93.4%
Celebrity
91.2%
Anime
81.4%
Theatre
81%
Remove Ads.
Support Sporcle.
Get the best of Sporcle when you Go Orange. This ad-free experience offers more features, more stats, and more fun while also helping to support Sporcle. Thank you for becoming a member.

You're not logged in!

Compare scores with friends on all Sporcle quizzes.
OR
Log In

Show Comments

Extras

Top Quizzes Today


Score Distribution

Your Account Isn't Verified!

In order to create a playlist on Sporcle, you need to verify the email address you used during registration. Go to your Sporcle Settings to finish the process.

Report this User

Report this user for behavior that violates our Community Guidelines.

Details: